000 00547nam a2200181Ia 4500
008 230917s9999||||xx |||||||||||||| ||und||
020 _cGBP 43.99 (RS 4517.77)
040 _e5002040
_aMAIN
041 _aEnglish
082 _a658.4 J499B(4)
100 _aJeston, John
245 0 _aBusiness process management: Practical guidelines to successful implementations
250 _a4th ed.
260 _aOxon
_bRoultedge
_c2018
300 _axxxvi, 653 p.
500 _a4112 11/10/2021 APD21/1128466 11/10/2021 IMSAR (Dev. & Research)
942 _cBK
999 _c2737
_d2737